Bedtime nursery rhymes
| Format: | Book |
|---|---|
| Published: |
London :
Grandremas Limited ,
1990
|
MARC
| LEADER | 00000cam a2200000 7i4500 | ||
|---|---|---|---|
| 001 | 0000003774 | ||
| 002 | 000004064 | ||
| 005 | 20000330.0 | ||
| 020 | |a 0-86227-585-7 | ||
| 090 | 0 | 0 | |a 398.8 |b Bed |
| 245 | 0 | 0 | |a Bedtime nursery rhymes |
| 260 | |a London : |b Grandremas Limited , |c 1990 | ||
| 300 | |a -p. ; |c 30cm. | ||
| 999 | |a 031349 |b BUKU |c JUNIOR BOOKS |e PERPUSTAKAAN KOMUNITI PETALING JAYA | ||